Tuyển tập Tế Hanh; T2
Guardado en:
| Autor principal: | |
|---|---|
| Formato: | Libro |
| Lenguaje: | Undetermined |
| Publicado: |
Hà Nội
Văn học
1998
|
| Materias: | |
| Etiquetas: |
Agregar Etiqueta
Sin Etiquetas, Sea el primero en etiquetar este registro!
|
| Thư viện lưu trữ: | Trung tâm Học liệu Trường Đại học Cần Thơ |
|---|
| LEADER | 00533nam a2200169Ia 4500 | ||
|---|---|---|---|
| 001 | CTU_23026 | ||
| 008 | 210402s9999 xx 000 0 und d | ||
| 082 | |a 895.922131 | ||
| 082 | |b T250/T2 | ||
| 100 | |a Tế Hanh | ||
| 245 | 0 | |a Tuyển tập Tế Hanh; T2 | |
| 245 | 0 | |c Tế Hanh | |
| 260 | |a Hà Nội | ||
| 260 | |b Văn học | ||
| 260 | |c 1998 | ||
| 650 | |a vietnamese literature - 20th century - collections,vietnamese poetry - 2oth century - collections | ||
| 980 | |a Trung tâm Học liệu Trường Đại học Cần Thơ | ||